Red Dead Redemption States and Regions - Statistics

General Stats
  • This quiz has been taken 1,057 times
  • The average score is 12 of 24
Answers on the Map
Answers color-coded by a green-red scale on the quiz's map according to % correct below.
 
Answer Stats
Answer % Correct
Lemoyne
88%
New Hanover
86%
New Austin
85%
West Elizabeth
81%
Ambarino
77%
Guarma
71%
The Heartlands
59%
Tall Trees
57%
Bayou Nwa
52%
Great Plains
52%
Grizzlies West
50%
Grizzlies East
49%
Roanoke Ridge
49%
Scarlett Meadows
47%
Cumberland Forest
44%
Big Valley
43%
Bluewater Marsh
40%
Cholla Springs
36%
Rio Bravo
34%
Gaptooth Ridge
33%
Hennigan's Stead
31%
Perdido
18%
Diez Coronas
17%
Punta Orgullo
16%
No matching quizzes found
Score Distribution
Percent of People with Each Score
Percentile by Number Answered
Your Score History
You have not taken this quiz